[Event "Sitges Sunway op 9th"]
[Site "Sitges"]
[Date "2022.12.12"]
[Round "1"]
[White "Bai, Adelard"]
[Black "Karadzhov, Ivan"]
[Result "1-0"]
[WhiteElo "2411"]
[BlackElo "2024"]
[PlyCount "109"]
[EventDate "2022.12.12"]
[EventType "swiss"]
[EventRounds "10"]
[EventCountry "ESP"]
[SourceTitle "CBM 211 Extra"]
[Source "ChessBase"]
[SourceDate "2023.01.31"]
[SourceVersion "1"]
[SourceVersionDate "2023.01.31"]
[SourceQuality "1"]

1. d4 d5 2. c4 c6 3. cxd5 cxd5 4. Bf4 Nf6 5. e3 Nc6 6. Bb5 Bg4 7. Bxc6+ bxc6 8. f3 Bd7 9. Nc3 e6 10. Na4 Nh5 11. Ne2 Nxf4 12. Nxf4 Qa5+ 13. Kf2 c5 14. Nxc5 Bxc5 15. dxc5 Qxc5 16. Qd4 Qc2+ 17. Ne2 Bb5 18. Rhe1 0-0 19. Rac1 Qa4 20. Qxa4 Bxa4 21. Rc7 Rfc8 22. Rec1 Rxc7 23. Rxc7 Be8 24. Nd4 a5 25. b3 g6 26. f4 Kf8 27. a4 Ra6 28. Ke2 f6 29. Kd2 Rb6 30. Kc3 e5 31. fxe5 fxe5 32. Nf3 d4+ 33. exd4 e4 34. Ng5 e3 35. Nxh7+ Kg8 36. Rc8 Rc6+ 37. Rxc6 Bxc6 38. d5 Bb7 39. Nf6+ Kf7 40. Ng4 e2 41. Kd2 Bxd5 42. Ne5+ Ke6 43. Nc4 Bxg2 44. Kxe2 Be4 45. Kd2 Kd5 46. Kc3 Bf5 47. Nxa5 Ke4 48. b4 Kf3 49. b5 Kg2 50. b6 Bc8 51. b7 Bxb7 52. Nxb7 Kxh2 53. Nd6 g5 54. a5 g4 55. Ne4 1-0

[Event "Paracin op-A 15th"]
[Site "Paracin"]
[Date "2022.07.12"]
[Round "5"]
[White "Karadzhov, Ivan"]
[Black "Damjanovic, Vuk"]
[Result "1/2-1/2"]
[WhiteElo "2167"]
[BlackElo "2393"]
[PlyCount "119"]
[EventDate "2022.07.08"]
[EventType "swiss"]
[EventRounds "9"]
[EventCountry "SRB"]
[SourceTitle "CBM 209 Extra"]
[Source "ChessBase"]
[SourceDate "2022.09.30"]
[SourceVersion "1"]
[SourceVersionDate "2022.09.30"]
[SourceQuality "1"]

1. d4 Nf6 2. c4 c5 3. d5 b5 4. cxb5 a6 5. bxa6 g6 6. Nc3 Bg7 7. g3 0-0 8. Bg2 d6 9. Nf3 Nbd7 10. 0-0 Nb6 11. Nd2 Bxa6 12. Qc2 Bb7 13. e4 Ba6 14. Rd1 Nfd7 15. b3 c4 16. b4 Ne5 17. b5 Bc8 18. a4 Nd3 19. Nxc4 Nxf2 20. Nxb6 Nxd1 21. Nxa8 Bd4+ 22. Kf1 Nxc3 23. Ra3 Bd7 24. Rxc3 Qxa8 25. Rc4 e5 26. Bb2 Bb6 27. Bf3 f5 28. Kg2 fxe4 29. Qxe4 Bf5 30. Qe2 Qa7 31. Ba3 Qd7 32. g4 Bb1 33. Qd1 e4 34. Bxe4 Rf2+ 35. Kh1 Bxe4+ 36. Rxe4 Qf7 37. Qd3 Rf1+ 38. Kg2 Qf2+ 39. Kh3 Qf3+ 40. Qxf3 Rxf3+ 41. Kg2 Rxa3 42. Re8+ Kf7 43. Rb8 Bd4 44. Ra8 Rb3 45. Rb8 Ra3 46. Ra8 Kf6 47. a5 Kg5 48. h3 Kh4 49. Ra6 Bc3 50. Rxd6 Bxa5 51. Rd7 h6 52. Rd6 Kg5 53. h4+ Kxg4 54. Rxg6+ Kxh4 55. Rxh6+ Kg4 56. Rg6+ Kf4 57. Ra6 Ra2+ 58. Kh3 Ra3+ 59. Kg2 Ra2+ 60. Kh3 1/2-1/2

[Event "Paracin op-A 15th"]
[Site "Paracin"]
[Date "2022.07.11"]
[Round "4"]
[White "Bogdanov, Artyom"]
[Black "Karadzhov, Ivan"]
[Result "0-1"]
[WhiteElo "2059"]
[BlackElo "2167"]
[PlyCount "72"]
[EventDate "2022.07.08"]
[EventType "swiss"]
[EventRounds "9"]
[EventCountry "SRB"]
[SourceTitle "CBM 209 Extra"]
[Source "ChessBase"]
[SourceDate "2022.09.30"]
[SourceVersion "1"]
[SourceVersionDate "2022.09.30"]
[SourceQuality "1"]

1. e4 c5 2. Nf3 d6 3. Bb5+ Nd7 4. d4 cxd4 5. Qxd4 a6 6. Bxd7+ Bxd7 7. c4 Nf6 8. Nc3 e5 9. Qd3 h6 10. 0-0 Be7 11. b3 0-0 12. Ba3 Qa5 13. Bb2 Rfc8 14. a4 Qb6 15. Nd2 Be6 16. h3 Nh5 17. Ne2 g6 18. Kh2 f5 19. exf5 gxf5 20. g4 Ng7 21. f4 Bf6 22. gxf5 Bxf5 23. Qd5+ Kh8 24. Ng3 Be6 25. Qg2 Rg8 26. Qe2 Raf8 27. Nde4 Nf5 28. Nh5 Bg7 29. Nxg7 Nxg7 30. fxe5 Qxb3 31. Qd2 Qxh3+ 32. Kg1 Nh5+ 33. Ng5 Rxg5+ 34. Qxg5 Rxf1+ 35. Rxf1 hxg5 36. exd6+ Kg8 0-1

[Event "Paracin op-A 15th"]
[Site "Paracin"]
[Date "2022.07.09"]
[Round "2"]
[White "Zheng, Harry Z"]
[Black "Karadzhov, Ivan"]
[Result "1/2-1/2"]
[WhiteElo "1946"]
[BlackElo "2167"]
[PlyCount "140"]
[EventDate "2022.07.08"]
[EventType "swiss"]
[EventRounds "9"]
[EventCountry "SRB"]
[SourceTitle "EXT 2023"]
[Source "ChessBase"]
[SourceDate "2022.10.05"]
[SourceVersion "1"]
[SourceVersionDate "2022.10.05"]
[SourceQuality "1"]

1. e4 c5 2. Nf3 d6 3. d4 cxd4 4. Nxd4 Nf6 5. Nc3 a6 6. Be3 e5 7. Nf3 Qc7 8. a4 Be7 9. Be2 0-0 10. 0-0 Nbd7 11. Bg5 h6 12. Bxf6 Nxf6 13. h3 Be6 14. Re1 Rac8 15. Nh2 Qc6 16. Bf3 b5 17. axb5 axb5 18. Re2 Ra8 19. Ng4 Rxa1 20. Qxa1 Ra8 21. Nxf6+ Bxf6 22. Qd1 Bg5 23. Nd5 Bxd5 24. Qxd5 Ra1+ 25. Kh2 Qc5 26. g3 g6 27. h4 Qxd5 28. exd5 Bc1 29. b3 f5 30. h5 Kg7 31. hxg6 Kxg6 32. g4 f4 33. Be4+ Kg5 34. f3 Be3 35. Bd3 b4 36. Kh3 Bd4 37. Rd2 Rg1 38. Rg2 Rh1+ 39. Rh2 Rg1 40. Rg2 Rh1+ 41. Rh2 Rd1 42. Re2 Bc3 43. Rf2 Bd4 44. Re2 Be3 45. Rg2 Kf6 46. Re2 Ke7 47. Rh2 Kf6 48. Be4 Rf1 49. Kh4 Rg1 50. Kh5 Kg7 51. Rh3 Bb6 52. Rh2 Rg3 53. Rh1 Bg1 54. Kh4 Bf2 55. Kh5 Bb6 56. Kh4 Bd8+ 57. Kh5 Bg5 58. Rh2 Rg1 59. Rh3 Re1 60. Rh2 Kf6 61. Rh3 Rc1 62. Rh2 Kg7 63. Rh3 Rg1 64. Rh2 Bd8 65. Rh3 Bb6 66. Rh2 Rg3 67. Rh1 Bg1 68. Kh4 Bf2 69. Kh5 Rg2 70. Bd3 Rg3 1/2-1/2

[Event "Sitges Sunway op 8th"]
[Site "Sitges"]
[Date "2021.12.20"]
[Round "7"]
[White "Alexiadis, Hristos"]
[Black "Karadzhov, Ivan"]
[Result "1/2-1/2"]
[WhiteElo "2285"]
[BlackElo "2019"]
[PlyCount "58"]
[EventDate "2021.12.13"]
[EventType "swiss"]
[EventRounds "10"]
[EventCountry "ESP"]
[SourceTitle "CBM 205 Extra"]
[Source "ChessBase"]
[SourceDate "2022.01.31"]
[SourceVersion "1"]
[SourceVersionDate "2022.01.31"]
[SourceQuality "1"]

1. e4 c5 2. Nf3 d6 3. Bb5+ Bd7 4. Bxd7+ Qxd7 5. 0-0 Nc6 6. Qe2 Nf6 7. Rd1 e6 8. d4 cxd4 9. Nxd4 Be7 10. c4 0-0 11. Nc3 Rac8 12. b3 a6 13. Bb2 Qc7 14. h3 Nd7 15. Nxc6 Qxc6 16. Nd5 Bd8 17. Rac1 Re8 18. Qd2 Ne5 19. Qd4 f6 20. Nc3 Ba5 21. Qxd6 Qxd6 22. Rxd6 Red8 23. Rxd8+ Rxd8 24. Ba3 Nd3 25. Rc2 Ne1 26. Rc1 Nd3 27. Rc2 Ne1 28. Rc1 Nd3 29. Rc2 Ne1 1/2-1/2

[Event "Wch FIDE Online U16 Europe qual"]
[Site "Tornelo INT"]
[Date "2020.12.09"]
[Round "7"]
[White "Karadzhov, Ivan"]
[Black "Garrido Outon, Alex"]
[Result "1/2-1/2"]
[WhiteElo "1636"]
[BlackElo "1723"]
[PlyCount "123"]
[EventDate "2020.12.07"]
[EventType "swiss (rapid)"]
[EventRounds "7"]
[EventCountry "ISS"]
[SourceTitle "EXT 2022"]
[Source "ChessBase"]
[SourceDate "2021.10.06"]
[SourceVersion "1"]
[SourceVersionDate "2021.10.06"]
[SourceQuality "1"]

1. d4 Nf6 2. c4 g6 3. Nc3 Bg7 4. Nf3 d6 5. h3 0-0 6. Bg5 c5 7. e3 h6 8. Bh4 Qb6 9. Qd2 cxd4 10. Nxd4 g5 11. Bg3 Nc6 12. Be2 Nxd4 13. exd4 Bf5 14. 0-0 Rfe8 15. f4 g4 16. hxg4 Nxg4 17. Rad1 Nf6 18. Bf2 Ne4 19. Nxe4 Bxe4 20. Bd3 d5 21. Bxe4 dxe4 22. b3 f5 23. d5 Qg6 24. Bd4 Kh7 25. Bxg7 Qxg7 26. Qd4 Qxd4+ 27. Rxd4 Rad8 28. Rfd1 Rd7 29. Kf2 h5 30. d6 e5 31. Rd5 exf4 32. Rxf5 e3+ 33. Ke2 Rg8 34. Rxh5+ Kg6 35. Rdd5 Kf6 36. Rhf5+ Ke6 37. Rxf4 Rxg2+ 38. Kxe3 Rxd6 39. Rf6+ Kxf6 40. Rxd6+ Ke7 41. Rd2 Rg3+ 42. Kd4 Kd6 43. Rh2 Rg4+ 44. Kc3 Rg7 45. Rh5 Kc6 46. a4 b6 47. a5 Kb7 48. axb6 axb6 49. Kb4 Rg3 50. Rb5 Kc6 51. Rh5 Rf3 52. Rh6+ Kb7 53. Ka4 Rc3 54. b4 Rxc4 55. Kb5 Rg4 56. Rh7+ Kb8 57. Rh6 Ka7 58. Rh7+ Kb8 59. Rf7 Rh4 60. Kxb6 Rxb4+ 61. Kc5 Rh4 62. Kd5 1/2-1/2

[Event "Primorsko op"]
[Site "Primorsko"]
[Date "2020.09.15"]
[Round "2"]
[White "Borsuk, Konstantin"]
[Black "Karadzhov, Ivan"]
[Result "1-0"]
[WhiteElo "2407"]
[BlackElo "2124"]
[PlyCount "81"]
[EventDate "2020.09.14"]
[EventType "swiss"]
[EventRounds "9"]
[EventCountry "BUL"]
[SourceTitle "CBM 198 Extra"]
[Source "ChessBase"]
[SourceDate "2020.11.30"]
[SourceVersion "1"]
[SourceVersionDate "2020.11.30"]
[SourceQuality "1"]

1. d4 d5 2. c4 c6 3. Nf3 Nf6 4. Nc3 e6 5. e3 Nbd7 6. Qc2 Bd6 7. Be2 dxc4 8. Bxc4 0-0 9. 0-0 e5 10. Bb3 Qe7 11. h3 h6 12. Nh4 Re8 13. Nf5 Qf8 14. Bd2 Bb8 15. dxe5 Rxe5 16. f4 Re8 17. Rf3 Kh8 18. e4 Nc5 19. e5 Nfe4 20. Nxe4 Nxb3 21. Qxb3 Bxf5 22. Ng3 Bc8 23. Bc3 a5 24. Nh5 Be6 25. Qc2 g6 26. Nf6 Rd8 27. f5 gxf5 28. Rxf5 Bxf5 29. Qxf5 Qg7 30. Nh5 Ba7+ 31. Kh1 Qg6 32. e6+ Bd4 33. Bxd4+ Rxd4 34. Qe5+ f6 35. Nxf6 Rdd8 36. e7 Rg8 37. Nh5+ Kh7 38. Nf6+ Kh8 39. Nxg8+ Kxg8 40. Rf1 Rc8 41. Rf6 1-0

[Event "EU-ch U16"]
[Site "Bratislava"]
[Date "2019.08.03"]
[Round "2"]
[White "Hanzl, Tadeas"]
[Black "Karadzhov, Ivan"]
[Result "0-1"]
[WhiteElo "1691"]
[BlackElo "2023"]
[PlyCount "86"]
[EventDate "2019.08.02"]
[EventType "swiss"]
[EventRounds "9"]
[EventCountry "SVK"]
[SourceTitle "CBM 191 Extra"]
[Source "ChessBase"]
[SourceDate "2019.09.30"]
[SourceVersion "1"]
[SourceVersionDate "2019.09.30"]
[SourceQuality "1"]

1. e4 e5 2. Nf3 Nc6 3. d4 exd4 4. Nxd4 Bb4+ 5. c3 Bc5 6. Nxc6 bxc6 7. Bd3 Ne7 8. 0-0 0-0 9. Qe2 d6 10. Be3 Bxe3 11. Qxe3 f5 12. Nd2 f4 13. Qe1 f3 14. Qe3 fxg2 15. Kxg2 Ng6 16. Rg1 Qh4 17. Kf1 Bh3+ 18. Ke1 Ne5 19. Be2 Rf6 20. Qg3 Qh6 21. f3 Raf8 22. Kd1 Rg6 23. Qe1 Bg2 24. Kc2 Bxf3 25. Bxf3 Nxf3 26. Nxf3 Rxf3 27. Rxg6 Qxh2+ 28. Kb3 hxg6 29. Qg1 Qxg1 30. Rxg1 Kf7 31. Re1 Kf6 32. Re2 g5 33. Kb4 g4 34. Ka5 g3 35. Rg2 Ke5 36. Ka6 Kf4 37. Kxa7 Rf2 38. Rg1 g2 39. a4 Kf3 40. a5 Rf1 41. Rxg2 Kxg2 42. Kb7 Ra1 43. b4 Kf3 0-1

[Event "Wch U14"]
[Site "Porto Carras"]
[Date "2018.10.28"]
[Round "9.20"]
[White "Tadic, Stefan"]
[Black "Karadzhov, Ivan"]
[Result "1-0"]
[WhiteElo "2295"]
[BlackElo "2040"]
[PlyCount "55"]
[EventDate "2018.10.20"]
[EventType "swiss"]
[EventRounds "11"]
[EventCountry "GRE"]
[SourceTitle "CBM 187 Extra"]
[Source "ChessBase"]
[SourceDate "2018.11.04"]
[SourceVersion "1"]
[SourceVersionDate "2018.11.04"]
[SourceQuality "1"]

1. e4 e5 2. Nf3 Nc6 3. Bb5 a6 4. Ba4 Nf6 5. 0-0 Be7 6. Bxc6 dxc6 7. d3 Nd7 8. Nbd2 0-0 9. Nc4 f6 10. Nh4 Nc5 11. Nf5 Bxf5 12. exf5 Qd5 13. Qg4 Kh8 14. Re1 Qf7 15. Bd2 b6 16. Re3 Rg8 17. Rae1 g6 18. Bc3 gxf5 19. Qxf5 Rg7 20. Nxe5 fxe5 21. Qxe5 Bf8 22. Qg5 Qg6 23. Rg3 Qxg5 24. Rxg5 Rd8 25. Re7 Bxe7 26. Rxg7 Rd7 27. Rg6+ Bf6 28. Bxf6+ 1-0

[Event "BUL-ch sf 79th"]
[Site "Plovdiv"]
[Date "2015.01.28"]
[Round "5"]
[White "Karadzhov, Ivan"]
[Black "Kolev, Atanas Tonchev"]
[Result "0-1"]
[WhiteElo "1545"]
[BlackElo "2122"]
[PlyCount "76"]
[EventDate "2015.01.25"]
[EventType "swiss"]
[EventRounds "9"]
[EventCountry "BUL"]
[SourceTitle "EXT 2016"]
[Source "ChessBase"]
[SourceDate "2015.10.08"]
[SourceVersion "1"]
[SourceVersionDate "2015.10.08"]
[SourceQuality "1"]

1. d4 Nf6 2. Nf3 d6 3. Bf4 g6 4. e3 Bg7 5. h3 0-0 6. Bd3 Nfd7 7. 0-0 e5 8. Bh2 Nc6 9. c3 f5 10. dxe5 dxe5 11. Bc4+ Kh8 12. Qc2 Qe7 13. Nbd2 h6 14. Ne1 Nb6 15. Be2 Be6 16. a3 Rad8 17. Rd1 g5 18. Nd3 e4 19. Nc1 Ne5 20. Ndb3 c5 21. Rxd8 Rxd8 22. Rd1 Nd3 23. Nd2 c4 24. f3 Qc5 25. Nf1 Nd5 26. Qd2 Rd7 27. fxe4 fxe4 28. Bg4 Bxg4 29. hxg4 Rf7 30. Bg3 b5 31. Ne2 a5 32. Nd4 Qb6 33. Nf5 Bf8 34. Qe2 Bc5 35. Bf2 Qe6 36. Qd2 Kh7 37. Kh1 Nf6 38. N1g3 Nxg4 0-1